• 首页
  • 本馆介绍
  • 公告通知
  • 最新文献
  • 馆藏检索
  • 电子资源
  • 读者导购
  • 参考咨询
  • 我的图书馆
  • 登录
  • 详细信息显示
  • 放入我的书架
  • 预约/预借图书
  • 作者相关作品
  • 分类相关作品
  • 丛书相关作品
  • 出版社相关作品

书目信息

  • 表格格式
  • 工作单格式
  • 卡片格式
题名:
中国青年运动历史资料
    
 
作者: ;中国新民主主义青年团中央委员会办公厅 编
分册: 1  
出版信息: 北京   中国新民主主义青年团中央委员会办公厅  1957
页数: 556页
开本: 20cm
丛书名:
单 册:
中图分类: D432.9
科图分类:
主题词: 青年组织 , 学生运动 , 青年运动 , 学生组织
电子资源:
ISBN:
000 00883nam0 2200241 450
001 0636467077
005 20060813081103.84
010    @dCNY2.50
100    @a20060720d1957 km y0chiy0120 ea
101 0  @achi
102    @aCN@b110000
200 1  @a中国青年运动历史资料@Azhong guo qing nian yun dong li shi zi liao@h1@e1915-1924@f中国新民主主义青年团中央委员会办公厅编@Fzhong guo xin min zhu zhu yi qing nian tuan zhong yang wei yuan hui ban gong ting bian
210    @a北京@c中国新民主主义青年团中央委员会办公厅@d1957
215    @a556页@d20cm
517 1  @a1915-1924
606 0  @a青年组织
606 0  @a学生运动
606 0  @a青年运动
606 0  @a学生组织
690    @aD432.9@v3
711  0 @a中国新民主主义青年团中央委员会办公厅@Azhong guo xin min zhu zhu yi qing nian tuan zhong yang wei yuan hui ban gong ting@4编
801  0 @aCN@bPFT@c20060813
905    @a10447@dD432.9@e158:1
    
    中国青年运动历史资料.1:1915-1924/中国新民主主义青年团中央委员会办公厅编.-北京:中国新民主主义青年团中央委员会办公厅,1957
    556页;20cm
    
    
    ISBN :CNY2.50
    
●
相关链接 在E读中查询图书 在五车中查询图书 在当当中查询图书 在豆瓣中查询图书


正题名:中国青年运动历史资料     索取号:D432.9/158:1         预约/预借

序号 登录号 条形码 馆藏地/架位号 状态 备注
1 0435329   204353298   密集书库/ [索取号:D432.9/158:1] 在馆    
2 0459053   204590530   密集书库/ [索取号:D432.9/158:1] 在馆    
3 0459054   204590549   密集书库/ [索取号:D432.9/158:1] 在馆    
4 0459323   204593234   密集书库/ [索取号:D432.9/158:1] 在馆    
唐山师范学院图书馆 欢迎您!
大连网信软件有限公司© 版权所有